00267nam a2200121Ia 4500100003600000250000600036654001100042245002000053260003900073082001300112300000800125546001200133 aHaykin/Simons/ Skapura David M  a2 aNeural aNeural networks bPrentice HallaNew Jerseyc2003 a6.3bHAY a842 aENGLISH